000 00204nam a22000857a 4500
008 161125b xxu||||| |||| 00| 0 eng d
100 _91451
_aRice.H.S.
245 _aHeart Gift
260 _aNewyork
_bFleming
_c1968
999 _c4175
_d4175